[Event "SF Gerresheim 1 - SV Kamen 1"]
[Site "NRW-Liga - Gruppe 2 2019/2020"]
[Date "2020.01.26"]
[Round "5.6"]
[White "Kuckling, Hannah"]
[Black "Rumpf, Thomas"]
[Result "1-0"]
[WhiteElo "2099"]
[BlackElo "2030"]
[Annotator "Daniel"]
[PlyCount "113"]
[EventDate "2020.??.??"]
[SourceVersionDate "2020.03.16"]
[WhiteTeam "SF Gerresheim 1"]
[BlackTeam "SV Kamen 1"]

1. e4 e5 2. Nf3 Nc6 3. Bb5 a6 4. Ba4 Nf6 5. O-O Be7 6. Re1 b5 7. Bb3 O-O 8. d4
d6 9. c3 Bg4 10. Be3 Na5 11. h3 Nxb3 12. axb3 Bh5 13. Nbd2 Bg6 14. Bg5 Nd7 $11
15. Bxe7 Qxe7 16. Nf1 c5 17. Ng3 cxd4 18. cxd4 Rfc8 19. dxe5 dxe5 20. Qd5 Nf6
21. Qxe5 Qb4 22. Re3 Re8 23. Qd4 Qxd4 24. Nxd4 Bxe4 25. Nxe4 Nxe4 26. f3 Nd6
27. Rxe8+ Nxe8 28. Nxb5 Kf8 29. Kf2 Rb8 30. Nd4 Rb6 31. Re1 Nc7 32. Re5 Ne6 33.
Nxe6+ fxe6 34. Re3 Ke7 35. Ke2 Kd6 36. Kd2 Rb5 37. Kc2 h5 38. Re4 g5 39. Ra4 a5
40. Kc3 Rc5+ 41. Rc4 h4 42. b4 axb4+ 43. Kxb4 Rd5 44. Rg4 Kc6 45. Ka4 Rf5 46.
b4 Rd5 47. Re4 Rd2 48. b5+ Kc5 49. Re5+ Kc4 50. Re4+ Kc5 51. Rg4 Ra2+ 52. Kb3
Re2 53. Rxg5+ e5 54. f4 Kxb5 55. Rxe5+ Rxe5 56. fxe5 Kc5 57. e6 1-0

[Event "SF Gerresheim 1 - SV Kamen 1"]
[Site "NRW-Liga - Gruppe 2 2019/2020"]
[Date "2020.01.26"]
[Round "5.7"]
[White "Kilian, Ralf"]
[Black "Finke, Tobias"]
[Result "1-0"]
[WhiteElo "2041"]
[BlackElo "2034"]
[PlyCount "117"]
[EventDate "2020.??.??"]
[SourceVersionDate "2020.03.16"]
[WhiteTeam "SV Kamen 1"]
[BlackTeam "SF Gerresheim 1"]

1. e4 e5 2. Nf3 Nf6 3. Nxe5 d6 4. Nf3 Nxe4 5. Nc3 Nf6 6. d4 d5 7. Bg5 Be7 8.
Bd3 Bg4 9. h3 Be6 10. Ne5 Nfd7 11. Bf4 Nxe5 12. Bxe5 Bf6 13. O-O Nc6 14. Bb5
O-O 15. f4 g6 16. Bxc6 bxc6 17. Bxf6 Qxf6 18. Na4 Rab8 19. b3 Bf5 20. Nc5 Rfe8
21. Qd2 Re7 22. Rae1 Rbe8 23. Re5 Qh4 24. Qe1 Qxe1 25. Rfxe1 Rxe5 26. fxe5 f6
27. g4 Bc8 28. Kf2 f5 29. g5 Kf7 30. Kg3 h6 31. gxh6 Rh8 32. h4 Rxh6 33. Nd3
Rh8 34. Nf4 Rg8 35. Nh3 f4+ 36. Nxf4 g5 37. hxg5 Rxg5+ 38. Kf2 Bf5 39. Rg1 Rxg1
40. Kxg1 Bxc2 41. b4 Bb1 42. a3 Bf5 43. Kf2 Ke7 44. Kg3 Kf7 45. Kh4 Ke7 46. Kg5
Be4 47. Ne2 Ke6 48. Nc3 Bc2 49. Kh6 Ke7 50. Kg7 Bb3 51. Ne2 Bc2 52. Nf4 Bf5 53.
Nh5 Bg4 54. Nf6 Be6 55. a4 a6 56. a5 Bf7 57. Nd7 Be6 58. Nc5 Bc8 59. Kg6 1-0

[Event "SF Gerresheim 1 - SV Kamen 1"]
[Site "NRW-Liga - Gruppe 2 2019/2020"]
[Date "2020.01.26"]
[Round "5.8"]
[White "Yilmaz, Ahmet"]
[Black "Georg, Heinz"]
[Result "0-1"]
[WhiteElo "1865"]
[BlackElo "2089"]
[PlyCount "106"]
[EventDate "2020.??.??"]
[SourceVersionDate "2020.03.16"]
[WhiteTeam "SF Gerresheim 1"]
[BlackTeam "SV Kamen 1"]

1. e4 e5 2. Nf3 Nc6 3. Bb5 f5 4. d3 d6 5. Nc3 Nf6 6. a3 fxe4 7. dxe4 Bg4 8. Qd3
Bxf3 9. gxf3 Be7 10. Qc4 Qd7 11. Rg1 g6 12. Bh6 a6 13. Ba4 Rb8 14. Bb3 Nd4 15.
Qf7+ Kd8 16. Bg7 Nxf3+ 17. Kd1 Nxg1 18. Bxh8 Qg4+ 19. Kc1 Kd7 20. Bxf6 Qf4+ 21.
Kb1 Qxf6 22. Qc4 c6 23. Ka2 Nf3 24. Qd3 h5 25. Rd1 b5 26. Ne2 Kc7 27. Qe3 Rb7
28. Rd3 Ng5 29. f4 Ne6 30. fxe5 Qxe5 31. Rd1 Nc5 32. Bf7 h4 33. Rg1 g5 34. h3
Qxe4 35. Qd2 Qf5 36. Bh5 Qe5 37. Nd4 Bf6 38. c3 Qd5+ 39. Kb1 Ne4 40. Qe3 c5 41.
Ne2 Kb6 42. Bf3 Nd2+ 43. Kc1 Nxf3 44. Rf1 Re7 45. Qxf3 Qxf3 46. Rxf3 Rxe2 47.
Rxf6 Kc6 48. Rg6 Rg2 49. Rg8 a5 50. Rb8 a4 51. Rc8+ Kd5 52. Rd8 Rg3 53. Rg8 Kc4
0-1

[Event "SF Lieme 1 - SF Brackel 1"]
[Site "NRW-Liga - Gruppe 2 2019/2020"]
[Date "2020.01.26"]
[Round "5.1"]
[White "Luft, Dennis"]
[Black "Wittke, Rene"]
[Result "1/2-1/2"]
[WhiteElo "2254"]
[BlackElo "2271"]
[PlyCount "94"]
[EventDate "2020.??.??"]
[SourceVersionDate "2020.03.16"]
[WhiteTeam "SF Brackel 1"]
[BlackTeam "SF Lieme 1"]

1. e4 c6 2. d4 d5 3. exd5 cxd5 4. Bd3 Nc6 5. c3 Qc7 6. h3 Nf6 7. Ne2 e5 8. dxe5
Nxe5 9. Bb5+ Bd7 10. Bxd7+ Qxd7 11. O-O Bc5 12. Nd2 O-O 13. Nb3 Bb6 14. Ng3 Ne4
15. Nd4 f5 16. Nge2 Rae8 17. f3 Nc5 18. Nf4 g5 19. b4 Na4 20. Nfe2 Nc4 21. Kh1
f4 22. Qc2 Re5 23. Bd2 Rfe8 24. Rae1 Ne3 25. Bxe3 Rxe3 26. Nf5 R3e5 27. Nh6+
Kg7 28. Ng4 R5e7 29. Qd2 h5 30. Nf2 Be3 31. Qc2 Nb6 32. Qd3 Nc4 33. Nd4 Re5 34.
Nd1 Bd2 35. Rxe5 Rxe5 36. Nb2 Nxb2 37. Qxd2 Nc4 38. Qd3 Ne3 39. Rc1 Kf6 40. Nc2
Nf5 41. Re1 Qe6 42. Rxe5 Qxe5 43. Kg1 Ng3 44. Kf2 Nh1+ 45. Kf1 Ng3+ 46. Kf2
Nh1+ 47. Kf1 Ng3+ 1/2-1/2

[Event "SF Lieme 1 - SF Brackel 1"]
[Site "NRW-Liga - Gruppe 2 2019/2020"]
[Date "2020.01.26"]
[Round "5.2"]
[White "Niermann, Tristan"]
[Black "Kartsev, Soel"]
[Result "1-0"]
[WhiteElo "2230"]
[BlackElo "2167"]
[PlyCount "79"]
[EventDate "2020.??.??"]
[SourceVersionDate "2020.03.16"]
[WhiteTeam "SF Lieme 1"]
[BlackTeam "SF Brackel 1"]

1. d4 Nf6 2. c4 d6 3. Nc3 e5 4. Nf3 Nbd7 5. Bg5 c6 6. e4 Be7 7. Be2 O-O 8. O-O
h6 9. Be3 b6 10. h3 Bb7 11. Qd2 Qc7 12. Rac1 Rac8 13. d5 cxd5 14. cxd5 Qb8 15.
b4 Nxe4 16. Nxe4 f5 17. Qd3 fxe4 18. Qxe4 Rxc1 19. Rxc1 Nf6 20. Qg6 Qe8 21. Nh4
Nxd5 22. Bd3 Qxg6 23. Nxg6 Rf7 24. Be4 Bf8 25. Bd2 Nf6 26. Bf5 Bd5 27. Rc8 Ne4
28. Be3 a5 29. a3 axb4 30. axb4 b5 31. g4 Nf6 32. Bb6 Be4 33. Nxf8 Bxf5 34.
Ne6+ Kh7 35. gxf5 Nd5 36. Nf8+ Rxf8 37. Rxf8 Nxb6 38. Rb8 Nd5 39. Rxb5 Ne7 40.
f6 1-0

[Event "SF Lieme 1 - SF Brackel 1"]
[Site "NRW-Liga - Gruppe 2 2019/2020"]
[Date "2020.01.26"]
[Round "5.3"]
[White "Fluechter, Gregor"]
[Black "Essing, Arnold"]
[Result "1-0"]
[WhiteElo "2192"]
[BlackElo "2172"]
[PlyCount "93"]
[EventDate "2020.??.??"]
[SourceVersionDate "2020.03.16"]
[WhiteTeam "SF Brackel 1"]
[BlackTeam "SF Lieme 1"]

1. e4 c5 2. f4 Nf6 3. e5 Nd5 4. Nf3 d6 5. d4 cxd4 6. Qxd4 e6 7. Bd2 Be7 8. Nc3
Nxc3 9. Bxc3 dxe5 10. Qxd8+ Bxd8 11. Nxe5 a6 12. Nc4 Kf8 13. O-O-O Nd7 14. Ne5
Ke8 15. Nxd7 Bxd7 16. Bxg7 Rg8 17. Bd4 Bc6 18. Rg1 Bc7 19. g3 Rd8 20. Be2 Rxd4
21. Rxd4 Bb6 22. Rgd1 Bxd4 23. Rxd4 Ke7 24. Kd2 Rg6 25. Ke3 Rh6 26. h4 f5 27.
Bf3 Rg6 28. Bxc6 bxc6 29. Kf3 Rg8 30. Rb4 Kd6 31. Rb7 h5 32. Ra7 Rb8 33. b3 Rb4
34. Rxa6 Rd4 35. Ra8 Ke7 36. Ra4 Rd1 37. Rc4 Kd6 38. a4 Ra1 39. Rd4+ Ke7 40.
Ke2 Rg1 41. Rd3 Rg2+ 42. Kd1 c5 43. Kc1 Re2 44. a5 c4 45. bxc4 Re4 46. a6 Rxc4
47. Ra3 1-0

[Event "SF Lieme 1 - SF Brackel 1"]
[Site "NRW-Liga - Gruppe 2 2019/2020"]
[Date "2020.01.26"]
[Round "5.4"]
[White "Wolf, Andre"]
[Black "Steinmetzer, Thomas"]
[Result "1/2-1/2"]
[WhiteElo "2141"]
[BlackElo "2192"]
[PlyCount "102"]
[EventDate "2020.??.??"]
[SourceVersionDate "2020.03.16"]
[WhiteTeam "SF Lieme 1"]
[BlackTeam "SF Brackel 1"]

1. e4 e5 2. Nf3 Nc6 3. Bb5 a6 4. Ba4 Nf6 5. O-O Be7 6. Re1 b5 7. Bb3 O-O 8. a4
Bb7 9. d3 d6 10. Nc3 Na5 11. Ba2 b4 12. Nd5 Nxd5 13. Bxd5 Bxd5 14. exd5 f5 15.
Bd2 Rb8 16. c3 bxc3 17. Bxc3 c5 18. dxc6 Nxc6 19. d4 exd4 20. Nxd4 Nxd4 21.
Qxd4 Bf6 22. Qd5+ Kh8 23. Rad1 Bxc3 24. bxc3 Rf6 25. h3 h6 26. Re6 Rc8 27. c4
Qf8 28. Rde1 Rxe6 29. Rxe6 Rc5 30. Qd4 Kh7 31. Rxd6 Rxc4 32. Rxh6+ Kxh6 33.
Qxc4 Qf6 34. g3 Kg6 35. Qb4 Qc6 36. a5 Qc1+ 37. Kg2 Qc6+ 38. Kh2 Qf3 39. Qb6+
Kh7 40. Qd4 Qe2 41. h4 Qb5 42. Qb6 Qe2 43. Qc5 Qd3 44. g4 fxg4 45. Qh5+ Kg8 46.
Qxg4 Qd6+ 47. Qg3 Qd2 48. Qb8+ Kh7 49. Qb6 Qf4+ 50. Kg1 Qg4+ 51. Kf1 Qd1+
1/2-1/2

[Event "SF Lieme 1 - SF Brackel 1"]
[Site "NRW-Liga - Gruppe 2 2019/2020"]
[Date "2020.01.26"]
[Round "5.5"]
[White "Goldschmidt, Christian"]
[Black "Krallmann, Matthias"]
[Result "1/2-1/2"]
[WhiteElo "2164"]
[BlackElo "2112"]
[PlyCount "32"]
[EventDate "2020.??.??"]
[SourceVersionDate "2020.03.16"]
[WhiteTeam "SF Brackel 1"]
[BlackTeam "SF Lieme 1"]

1. e4 e5 2. Nf3 Nc6 3. Bc4 Bc5 4. c3 Nf6 5. d4 exd4 6. cxd4 Bb4+ 7. Nc3 Nxe4 8.
O-O Bxc3 9. d5 Bf6 10. Re1 Ne7 11. Rxe4 O-O 12. d6 cxd6 13. Qxd6 Nf5 14. Qd5
Ne7 15. Qd6 Nf5 16. Qd5 Ne7 1/2-1/2

[Event "SF Lieme 1 - SF Brackel 1"]
[Site "NRW-Liga - Gruppe 2 2019/2020"]
[Date "2020.01.26"]
[Round "5.6"]
[White "Stork, Holger"]
[Black "Korten, Lando"]
[Result "1/2-1/2"]
[WhiteElo "2048"]
[BlackElo "2132"]
[Annotator "Daniel"]
[PlyCount "88"]
[EventDate "2020.??.??"]
[SourceVersionDate "2020.03.16"]
[WhiteTeam "SF Lieme 1"]
[BlackTeam "SF Brackel 1"]

1. e4 c5 2. Nf3 d6 3. Bb5+ Bd7 4. Bxd7+ Qxd7 5. c4 g6 6. Nc3 Bg7 7. d4 Nc6 8.
Be3 cxd4 9. Nxd4 Rc8 10. b3 Nf6 11. f3 O-O 12. Rc1 Rfd8 13. O-O e6 14. Qd2 d5
15. cxd5 exd5 16. Nxc6 bxc6 17. exd5 Nxd5 18. Nxd5 Qxd5 19. Qxd5 $11 cxd5 20.
Rxc8 Rxc8 21. Bxa7 Ra8 22. Bc5 Rxa2 23. Rd1 Rc2 24. b4 d4 25. Bxd4 Bxd4+ 26.
Rxd4 Rb2 27. h4 h5 $11 28. Kh2 Kg7 29. Kh3 Rb3 30. Kh2 Kf6 31. Rc4 Ke5 32. Re4+
Kd5 33. Kg3 f5 34. Rf4 Rb2 35. Kh3 Rc2 36. b5 Kc5 37. g4 fxg4+ 38. fxg4 Kxb5
39. Rf6 Rc6 40. g5 Kc5 41. Rxc6+ Kxc6 42. Kg3 Kc5 43. Kf4 Kd5 44. Kf3 Ke5
1/2-1/2

[Event "SF Lieme 1 - SF Brackel 1"]
[Site "NRW-Liga - Gruppe 2 2019/2020"]
[Date "2020.01.26"]
[Round "5.7"]
[White "Strathoff, Martin"]
[Black "Schaffarczyk, Andre"]
[Result "1-0"]
[WhiteElo "2050"]
[BlackElo "2074"]
[PlyCount "73"]
[EventDate "2020.??.??"]
[SourceVersionDate "2020.03.16"]
[WhiteTeam "SF Brackel 1"]
[BlackTeam "SF Lieme 1"]

1. d4 d5 2. c4 e6 3. Nc3 Nf6 4. cxd5 exd5 5. Bg5 c6 6. Qc2 Be7 7. e3 Nbd7 8.
Bd3 h6 9. Bh4 Nh5 10. Bxe7 Qxe7 11. Nge2 Nb6 12. O-O O-O 13. Rab1 Be6 14. b4 a6
15. a4 Rfe8 16. a5 Nc8 17. Na4 Nd6 18. Nc5 Bd7 19. Kh1 Rad8 20. Ng1 Nf6 21. Nf3
Bc8 22. Ne5 Qc7 23. f3 Nd7 24. Nexd7 Bxd7 25. e4 dxe4 26. fxe4 Bc8 27. Qf2 Nb5
28. Bxb5 axb5 29. e5 Be6 30. Ne4 Bd5 31. Nd6 Re7 32. Rbc1 Qd7 33. Rc3 Rf8 34.
Rg3 Re6 35. Nf5 g6 36. Nxh6+ Kg7 37. Qf4 1-0

[Event "Kölner SK Dr. Lasker 1 - Elberfelder S"]
[Site "NRW-Liga - Gruppe 2 2019/2020"]
[Date "2020.01.26"]
[Round "5.1"]
[White "Odendahl, Reiner"]
[Black "Eichhorn, Andreas"]
[Result "1/2-1/2"]
[WhiteElo "2249"]
[BlackElo "2263"]
[PlyCount "33"]
[EventDate "2020.??.??"]
[SourceVersionDate "2020.03.16"]
[WhiteTeam "Elberfelder SG 1"]
[BlackTeam "Kölner SK Dr. Lasker 1"]

1. Nf3 d5 2. g3 Nc6 3. Bg2 e5 4. d3 Be7 5. O-O Be6 6. c4 e4 7. Nfd2 exd3 8.
exd3 Nf6 9. Nc3 Qd7 10. Qa4 O-O 11. Nf3 dxc4 12. dxc4 Qd3 13. Ng5 Qxc4 14. Nxe6
Qxe6 15. Bf4 Bd6 16. Bxd6 cxd6 17. Bxc6 1/2-1/2

[Event "Kölner SK Dr. Lasker 1 - Elberfelder S"]
[Site "NRW-Liga - Gruppe 2 2019/2020"]
[Date "2020.01.26"]
[Round "5.2"]
[White "Paris, Michael"]
[Black "Hintze, Helge"]
[Result "0-1"]
[WhiteElo "2194"]
[BlackElo "2231"]
[PlyCount "40"]
[EventDate "2020.??.??"]
[SourceVersionDate "2020.03.16"]
[WhiteTeam "Kölner SK Dr. Lasker 1"]
[BlackTeam "Elberfelder SG 1"]

1. d4 Nf6 2. Nc3 d5 3. Bf4 e6 4. e3 a6 5. Nf3 Nbd7 6. Bd3 c5 7. dxc5 Nxc5 8.
O-O Be7 9. Ne5 Bd7 10. Re1 Bc6 11. Rb1 Rc8 12. h3 b5 13. Ne2 Bb7 14. Nd4 O-O
15. Bh2 Re8 16. Qf3 Bd6 17. Ng4 Bxh2+ 18. Kxh2 Nfe4 19. Nb3 Nxb3 20. axb3 f5
0-1

[Event "Kölner SK Dr. Lasker 1 - Elberfelder S"]
[Site "NRW-Liga - Gruppe 2 2019/2020"]
[Date "2020.01.26"]
[Round "5.3"]
[White "Volkov, Mykyta"]
[Black "Bussard, Christian"]
[Result "0-1"]
[WhiteElo "2177"]
[BlackElo "2221"]
[PlyCount "146"]
[EventDate "2020.??.??"]
[SourceVersionDate "2020.03.16"]
[WhiteTeam "Elberfelder SG 1"]
[BlackTeam "Kölner SK Dr. Lasker 1"]

1. d4 Nf6 2. c4 e6 3. Nc3 Bb4 4. Qc2 b6 5. a3 Bxc3+ 6. Qxc3 Bb7 7. Bg5 d6 8. f3
Qe7 9. e3 Nbd7 10. Bd3 c5 11. Ne2 Rc8 12. Qd2 Ba6 13. b3 O-O 14. O-O Rfe8 15.
e4 h6 16. Bf4 cxd4 17. Nxd4 Ne5 18. Bc2 Ng6 19. Bg3 Nh5 20. Bf2 Nhf4 21. Be3
Qf6 22. g3 Nh3+ 23. Kg2 Ng5 24. f4 Nh7 25. Rf2 Qe7 26. Rd1 Red8 27. Kg1 Ngf8
28. f5 Nf6 29. h3 e5 30. Ne2 b5 31. cxb5 Bxb5 32. Nc3 Bc6 33. Nd5 Bxd5 34. exd5
Qb7 35. g4 N8h7 36. Rg2 Rxc2 37. Qxc2 Nxd5 38. Qd3 Ndf6 39. h4 h5 40. gxh5 Nxh5
41. Qd5 Qd7 42. Qf3 N7f6 43. Rg5 Qb5 44. Re1 Qd3 45. Qd1 Qxd1 46. Rxd1 a6 47.
Bb6 Rd7 48. Rg2 Ne4 49. a4 d5 50. Rc2 Nhg3 51. Rc7 Rd6 52. Bc5 Rf6 53. Rxd5
Rxf5 54. Rd1 Rf3 55. b4 Ne2+ 56. Kg2 Rb3 57. Re1 Nf4+ 58. Kf1 Nd2+ 59. Kf2 Rf3+
60. Kg1 Rg3+ 61. Kf2 Rg2+ 62. Ke3 Nd5+ 63. Kd3 Nxc7 64. Rxe5 Nf3 65. Re7 Ne6
66. Be3 Ne5+ 67. Ke4 Nc4 68. Kd3 Nxe3 69. Kxe3 Rg4 70. b5 axb5 71. axb5 Rxh4
72. b6 Rb4 73. b7 Kf8 0-1

[Event "Kölner SK Dr. Lasker 1 - Elberfelder S"]
[Site "NRW-Liga - Gruppe 2 2019/2020"]
[Date "2020.01.26"]
[Round "5.4"]
[White "Nagel, Bernhard"]
[Black "Noetzel, Frank"]
[Result "1/2-1/2"]
[WhiteElo "2179"]
[BlackElo "2209"]
[PlyCount "60"]
[EventDate "2020.??.??"]
[SourceVersionDate "2020.03.16"]
[WhiteTeam "Kölner SK Dr. Lasker 1"]
[BlackTeam "Elberfelder SG 1"]

1. e4 d6 2. d4 Nf6 3. Nc3 e5 4. dxe5 dxe5 5. Qxd8+ Kxd8 6. Bc4 Ke8 7. Nf3 Bd6
8. Bg5 Nbd7 9. Rd1 a6 10. a4 b6 11. O-O Bb7 12. Bxf6 Nxf6 13. Ng5 Rf8 14. Nd5
Bxd5 15. Bxd5 Rd8 16. Bb7 h6 17. Nf3 a5 18. h3 Ke7 19. Bc6 Ke6 20. Rd3 Be7 21.
Rfd1 Rxd3 22. Rxd3 Rd8 23. Rxd8 Bxd8 24. Nd2 Kd6 25. Bb5 c6 26. Bc4 Ke7 27. c3
Ne8 28. Kf1 Nd6 29. Bd3 b5 30. b3 Bb6 1/2-1/2

[Event "Kölner SK Dr. Lasker 1 - Elberfelder S"]
[Site "NRW-Liga - Gruppe 2 2019/2020"]
[Date "2020.01.26"]
[Round "5.5"]
[White "Kurr, Gerd"]
[Black "Kloss, Henning"]
[Result "1-0"]
[WhiteElo "2123"]
[BlackElo "2162"]
[PlyCount "51"]
[EventDate "2020.??.??"]
[SourceVersionDate "2020.03.16"]
[WhiteTeam "Elberfelder SG 1"]
[BlackTeam "Kölner SK Dr. Lasker 1"]

1. d4 Nf6 2. Nf3 g6 3. c4 Bg7 4. Nc3 d5 5. cxd5 Nxd5 6. e4 Nxc3 7. bxc3 c5 8.
Bb5+ Bd7 9. Bxd7+ Nxd7 10. O-O O-O 11. Qb3 cxd4 12. cxd4 Nc5 13. dxc5 Bxa1 14.
Qxb7 Bg7 15. Be3 Qa5 16. c6 Qxa2 17. c7 a5 18. h4 Qe6 19. Rd1 Qa6 20. Qb3 a4
21. Qa3 Qe6 22. Bc5 Qb3 23. Rd7 Qxa3 24. Bxa3 Rfe8 25. Nd2 Bf8 26. Nc4 1-0

[Event "Kölner SK Dr. Lasker 1 - Elberfelder S"]
[Site "NRW-Liga - Gruppe 2 2019/2020"]
[Date "2020.01.26"]
[Round "5.6"]
[White "Pawelzik, Malte"]
[Black "Boos, Markus"]
[Result "1/2-1/2"]
[WhiteElo "2153"]
[BlackElo "2207"]
[Annotator "Daniel"]
[PlyCount "101"]
[EventDate "2020.??.??"]
[SourceVersionDate "2020.03.16"]
[WhiteTeam "Kölner SK Dr. Lasker 1"]
[BlackTeam "Elberfelder SG 1"]

1. e4 c5 2. Nf3 Nc6 3. d4 cxd4 4. Nxd4 Nf6 5. Nc3 e5 6. Ndb5 d6 7. Bg5 a6 8.
Na3 b5 9. Bxf6 gxf6 10. Nd5 Bg7 11. Bd3 Ne7 12. Nxe7 Qxe7 13. O-O f5 14. c4 O-O
15. Qh5 Rb8 16. exf5 e4 17. Rae1 Bb7 18. Re3 Bxb2 19. Bxe4 Bxe4 20. Qg4+ Kh8
21. Rxe4 Qb7 22. Nc2 Rg8 23. Qe2 bxc4 24. g3 Rbc8 25. Rxc4 Qb5 26. Ne3 d5 27.
a4 Qb3 28. Rxc8 Rxc8 29. Qxa6 Rd8 30. Rb1 Qa2 31. Rd1 Kg7 32. Qb6 Bf6 33. a5
Qe2 34. Qb1 d4 35. Re1 Qf3 36. Qd1 Qxd1 37. Nxd1 Rd5 38. Kf1 Rxf5 39. Nb2 Rxa5
40. Nd3 Ra2 $11 41. Rd1 Kg6 42. Kg2 Kf5 43. Kf3 Rc2 44. h4 Ke6 45. Kf4 Bd8 46.
Rb1 f5 47. Re1+ Kf6 48. Rd1 Bc7+ 49. Kf3 Bd6 50. Nc1 Ke5 51. Nd3+ 1/2-1/2

[Event "Kölner SK Dr. Lasker 1 - Elberfelder S"]
[Site "NRW-Liga - Gruppe 2 2019/2020"]
[Date "2020.01.26"]
[Round "5.7"]
[White "Tymura, Achim"]
[Black "Lindam, Ingo"]
[Result "1-0"]
[WhiteElo "2024"]
[BlackElo "2169"]
[Annotator "Daniel"]
[PlyCount "127"]
[EventDate "2020.??.??"]
[SourceVersionDate "2020.03.16"]
[WhiteTeam "Elberfelder SG 1"]
[BlackTeam "Kölner SK Dr. Lasker 1"]

1. d4 Nf6 2. c4 g6 3. Nc3 Bg7 4. e4 d6 5. Nf3 O-O 6. Be2 e5 7. d5 a5 8. Bg5 h6
9. Bh4 Na6 10. Nd2 Qe8 11. a3 Bd7 12. b3 Nh7 13. Qb1 f5 14. f3 h5 15. b4 axb4
16. axb4 c5 17. dxc6 bxc6 18. c5 Nc7 19. cxd6 Ne6 20. Bc4 Rxa1 21. Qxa1 Qb8 22.
Be7 Kh8 23. Bxe6 Bxe6 24. Bxf8 Nxf8 25. Qb2 Qxd6 26. O-O Bh6 27. Rd1 Be3+ 28.
Kh1 Bd4 $11 29. Rb1 Nd7 30. Qc2 f4 31. Qd3 Qe7 32. Ne2 Bf2 33. Qc3 Qd6 34. Nc4
Qb8 35. Rd1 Qb5 36. Rc1 Kh7 37. g3 fxg3 38. hxg3 h4 39. Kg2 hxg3 40. Nxg3 Bd4
41. Nd6 Bxc3 42. Nxb5 Bxb4 43. Rxc6 Nf8 44. Nc7 Bd7 45. Rc4 Bd6 46. Ne2 Kg7 47.
Nc3 Kf7 48. N3d5 Ne6 49. Nxe6 Kxe6 50. Kg3 Kf7 51. Rc2 Bb5 52. Rb2 Bd7 53. Rh2
Kg7 54. Rd2 Bc5 55. Rc2 Bd6 56. Ne3 Kf7 57. Nc4 Ke6 58. Nxd6 Kxd6 59. Kh4 Ba4
60. Rc3 Be8 61. Kg5 Ke6 62. Rc7 Bf7 63. Rc6+ Ke7 64. Rxg6 1-0

[Event "Kölner SK Dr. Lasker 1 - Elberfelder S"]
[Site "NRW-Liga - Gruppe 2 2019/2020"]
[Date "2020.01.26"]
[Round "5.8"]
[White "Loseries, Uwe"]
[Black "Saoudi, Lahcen"]
[Result "1-0"]
[WhiteElo "2095"]
[BlackElo "1960"]
[PlyCount "121"]
[EventDate "2020.??.??"]
[SourceVersionDate "2020.03.16"]
[WhiteTeam "Kölner SK Dr. Lasker 1"]
[BlackTeam "Elberfelder SG 1"]

1. d4 g6 2. c4 f5 3. Nc3 Nf6 4. Bg5 Bg7 5. Bxf6 Bxf6 6. e4 d6 7. Nf3 Nc6 8. d5
Ne5 9. Nd4 c5 10. dxc6 Nxc6 11. Nxc6 bxc6 12. exf5 Bxf5 13. Bd3 Qa5 14. O-O O-O
15. Bxf5 Qxf5 16. Rc1 Rab8 17. b3 Be5 18. Qe2 Rf7 19. Rc2 Rbf8 20. Nd1 h5 21.
Re1 Qf4 22. g3 Qh6 23. Qe3 Qxe3 24. Rxe3 Bd4 25. Re6 Kg7 26. Rce2 Bf6 27. Kg2
a5 28. f4 Rc8 29. Nf2 Kf8 30. Ne4 Rc7 31. Nxf6 Rxf6 32. Rxf6+ exf6 33. Re6 d5
34. Rxf6+ Kg7 35. Rd6 dxc4 36. bxc4 Rb7 37. Rxc6 Rb2+ 38. Kh3 Rxa2 39. Ra6 a4
40. Kh4 a3 41. Kg5 Kf7 42. Ra7+ Ke6 43. h4 Ra1 44. Kxg6 a2 45. Ra6+ Ke7 46.
Kxh5 Rg1 47. Rxa2 Rxg3 48. Rc2 Kd6 49. c5+ Kc6 50. f5 Rg1 51. f6 Rf1 52. Kg6
Rg1+ 53. Kh6 Rf1 54. Kg7 Rg1+ 55. Kf8 Rh1 56. f7 Rxh4 57. Re2 Kd7 58. c6+ Kd8
59. Re8+ Kc7 60. Kg7 Rg4+ 61. Kh6 1-0

[Event "Klub Kölner SF 1 - LSV Turm Lippstadt "]
[Site "NRW-Liga - Gruppe 2 2019/2020"]
[Date "2020.01.26"]
[Round "5.1"]
[White "Wehmeier, Stefan"]
[Black "Strohhaeker, Raoul"]
[Result "1/2-1/2"]
[WhiteElo "2333"]
[BlackElo "2424"]
[PlyCount "61"]
[EventDate "2020.??.??"]
[SourceVersionDate "2020.03.16"]
[WhiteTeam "LSV Turm Lippstadt 1"]
[BlackTeam "Klub Kölner SF 1"]

1. e4 c5 2. Nf3 e6 3. Nc3 a6 4. d4 cxd4 5. Nxd4 Qc7 6. Be2 Nf6 7. O-O Bb4 8.
Qd3 Nc6 9. Bd2 Nxd4 10. Qxd4 Bc5 11. Qd3 b5 12. Bf3 Rb8 13. Bg5 d6 14. Bxf6
gxf6 15. Ne2 h5 16. Nf4 h4 17. Qc3 Ke7 18. Rae1 Rh6 19. Re2 Bd7 20. Rfe1 Rg8
21. h3 b4 22. Qd2 Rhh8 23. c4 bxc3 24. Qxc3 Rg5 25. Bg4 Rc8 26. Bf5 Qd8 27.
Nd5+ exd5 28. exd5+ Kf8 29. Bxd7 Qxd7 30. Qxf6 Qf5 31. Qh8+ 1/2-1/2

[Event "Klub Kölner SF 1 - LSV Turm Lippstadt "]
[Site "NRW-Liga - Gruppe 2 2019/2020"]
[Date "2020.01.26"]
[Round "5.2"]
[White "Morawietz, Dieter"]
[Black "Hecht, Carsten"]
[Result "1/2-1/2"]
[WhiteElo "2395"]
[BlackElo "2292"]
[PlyCount "120"]
[EventDate "2020.??.??"]
[SourceVersionDate "2020.03.16"]
[WhiteTeam "Klub Kölner SF 1"]
[BlackTeam "LSV Turm Lippstadt 1"]

1. d4 Nf6 2. c4 g6 3. Nc3 d5 4. Bg5 Ne4 5. Bh4 Nxc3 6. bxc3 dxc4 7. e3 Be6 8.
Be2 Bg7 9. Nh3 Bxh3 10. gxh3 O-O 11. Rb1 c5 12. O-O Qd7 13. dxc5 Qxh3 14. Bg3
Nc6 15. Bg4 Qh6 16. Rxb7 Qg5 17. Bd7 Nd8 18. Rc7 Ne6 19. Bxe6 fxe6 20. Qd7 Kf7
21. f4 Qf6 22. Qd4 Rfc8 23. Rd7 Ke8 24. Rb7 Kf8 25. Qxc4 Qxc3 26. Qxc3 Bxc3 27.
Bh4 Rab8 28. Bxe7+ Ke8 29. Rfb1 Rxb7 30. Rxb7 a5 31. Bd6 Bb4 32. Rxh7 Bxc5 33.
Re7+ Kd8 34. Bxc5 Rxc5 35. Rxe6 g5 36. Rd6+ Ke7 37. Rd2 gxf4 38. exf4 Rc3 39.
Kg2 Kf6 40. Rd6+ Ke7 41. Ra6 Ra3 42. h4 a4 43. h5 Rxa2+ 44. Kg3 Ra1 45. h6 Kf7
46. Kg4 a3 47. Kf5 a2 48. h7 Kg7 49. Rh6 Kh8 50. Rh2 Rb1 51. Rxa2 Rb5+ 52. Kg6
Rb6+ 53. Kg5 Kxh7 54. f5 Kg7 55. Ra7+ Kg8 56. Re7 Kf8 57. Re6 Rxe6 58. fxe6 Ke7
59. Kf5 Ke8 60. Kf6 Kf8 1/2-1/2

[Event "Klub Kölner SF 1 - LSV Turm Lippstadt "]
[Site "NRW-Liga - Gruppe 2 2019/2020"]
[Date "2020.01.26"]
[Round "5.3"]
[White "Wagner, Alexej"]
[Black "Helbig, Mark"]
[Result "1-0"]
[WhiteElo "2253"]
[BlackElo "2288"]
[PlyCount "119"]
[EventDate "2020.??.??"]
[SourceVersionDate "2020.03.16"]
[WhiteTeam "LSV Turm Lippstadt 1"]
[BlackTeam "Klub Kölner SF 1"]

1. d4 Nf6 2. c4 e6 3. Nc3 Bb4 4. e3 Bxc3+ 5. bxc3 O-O 6. Bd3 d6 7. Nf3 Nbd7 8.
O-O b6 9. e4 Bb7 10. Nd2 e5 11. Bb2 Re8 12. Qf3 Qe7 13. Rae1 Nf8 14. Bc2 Qd7
15. g3 Re7 16. Qg2 Rae8 17. f3 Ng6 18. Rf2 Ba6 19. Bb3 c5 20. d5 Bc8 21. Nf1
Nf8 22. Ne3 Qc7 23. Ba4 Bd7 24. Bxd7 Rxd7 25. Rff1 Qb7 26. Rb1 Qa6 27. Qc2 g6
28. Bc1 Kg7 29. Bd2 Rde7 30. Rb2 Qc8 31. Kg2 N8d7 32. Nd1 Ng8 33. Bg5 f6 34.
Bc1 Rf8 35. Ne3 Ref7 36. g4 Ne7 37. Qd2 Kh8 38. Qe1 f5 39. g5 Kg8 40. Rbf2 Qa6
41. Qe2 h5 42. gxh6 Nf6 43. exf5 Nh5 44. Nd1 Nxf5 45. Rg1 Kh7 46. Kh1 Qc8 47.
Qe4 Ne7 48. Qh4 Qe8 49. Bg5 Nf5 50. Qe4 Qd7 51. Rfg2 Rg8 52. Nf2 Nf6 53. Qd3
Rff8 54. Bxf6 Rxf6 55. Ne4 Rff8 56. Ng5+ Kxh6 57. Ne6 Rf6 58. f4 Rxe6 59. Qh3+
Kg7 60. Qxf5 1-0